000 00619nam a2200169 4500
999 _c14004
_d14004
008 190724b ||||| |||| 00| 0 eng d
082 _22018
_aUT 1324
_bR66
100 _aRoman, Jayson Noah
_938964
245 _aSTRATEGIES IN SECOND LANGUAGE LEARNING AND LANGUAGE PROFICIENCY
_cJayson Noah D. Roman, Merjean Mae S. Moca and Eric E. Moral
260 _aDigos City
_bUMDC
_cNovember 2018
300 _a37 pages
_c30 cm
650 _aEducation
_vEnglish
_xUndergraduate Thesis
_938965
700 _aRoman, Jayson Noah D.
_938966
700 _aMerjean Mae S. Moca
_938967
700 _aEric E. Moral
_938968
942 _2ddc
_cUT